000 00740cam a22002411 4500
001 3585730
003 ARRUPE
005 20170124123441.0
008 720107s1963 nyua 000 0 eng
010 _a 63015770
040 _aDLC
_cDLC
_dDLC
050 0 0 _aPR6025.I65W65
082 0 0 _a823.912
100 1 _aCrews, Frederick C.
_928471
245 1 4 _aThe Pooh perplex,
_ba student casebook.
_cby Crews, Frederick C.
250 _a[1st ed.]
260 _aLondon
_bArthur Barker
_c1963.
300 _ax, 150p.;
_billus.
_c21cm.
600 1 0 _aMilne, A. A.
_q(Alan Alexander),
_d1882-1956
_xWinnie the pooh
_928472
650 0 _aCriticism
_vHumor.
_928473
906 _a7
_bcbc
_corignew
_du
_eocip
_f19
_gy-gencatlg
942 _2lcc
_cMONOGRAPH
999 _c126008
_d126008